Sports Quiz

Random Sports or MLB Quiz

MLB - Milwaukee Brewers All-Stars Quiz Stats

Quiz not verified by Sporcle

Challenge
Share
Tweet
Embed
Score 0/90 Timer 10:00
0 Plays Today
Year Player % Correct
2009Prince Fielder
97.9%
2007Prince Fielder
97.8%
2008Ryan Braun
97.5%
2009Ryan Braun
97.5%
2010Ryan Braun
97.5%
2011Ryan Braun
96.6%
2012Ryan Braun
96.6%
2015Ryan Braun
96.6%
1980Robin Yount
96.2%
1982Robin Yount
96.2%
1983Robin Yount
96.2%
1980Paul Molitor
93.6%
1985Paul Molitor
93.6%
1988Paul Molitor
93.6%
1991Paul Molitor
93.6%
1992Paul Molitor
93.6%
2011Prince Fielder
92%
2014Jonathan Lucroy
88.6%
2016Jonathan Lucroy
88.6%
2001Ben Sheets
87.5%
2004Ben Sheets
87.5%
2007Ben Sheets
87.5%
2008Ben Sheets
87.5%
2008Corey Hart
84.5%
2010Corey Hart
84.4%
1979Cecil Cooper
82.7%
1980Cecil Cooper
82.7%
1982Cecil Cooper
82.7%
1983Cecil Cooper
82.7%
1985Cecil Cooper
82.7%
Year Player % Correct
2011Rickie Weeks
79.5%
1981Rollie Fingers
76.6%
1982Rollie Fingers
76.6%
2014Aramis Ramirez
76.1%
2014Francisco Rodriguez
75%
2015Francisco Rodriguez
75%
2007J.J. Hardy
73.1%
1981Gorman Thomas
72.8%
2013Carlos Gomez
72.7%
2014Carlos Gomez
72.7%
2010Yovani Gallardo
72.6%
2002Richie Sexson
71.9%
2003Richie Sexson
71.9%
2003Geoff Jenkins
70.3%
2013Jean Segura
65.9%
1981Ted Simmons
63.6%
1983Ted Simmons
63.6%
2009Trevor Hoffman
62.5%
1980Ben Oglivie
62.1%
1982Ben Oglivie
62.1%
1983Ben Oglivie
62.1%
1999Jeromy Burnitz
59.7%
1986Teddy Higuera
56.7%
2017Corey Knebel
56.3%
2005Carlos Lee
52.8%
2006Carlos Lee
52.8%
1993Greg Vaughn
49.5%
1996Greg Vaughn
49.5%
2006Derrick Turnbow
49.1%
1974Don Money
47.9%
Year Player % Correct
1976Don Money
47.9%
1977Don Money
47.9%
1978Don Money
47.9%
1997Jeff Cirillo
46.9%
1975Hank Aaron
45.8%
1987Dan Plesac
44%
1988Dan Plesac
44%
1989Dan Plesac
44%
2007Francisco Cordero
43.8%
2002Jose Hernandez
40.9%
1975George Scott
40.6%
2006Chris Capuano
39.9%
1998Fernando Vina
38.6%
1999Dave Nilsson
35.6%
1978Larry Hisle
32.2%
1990Dave Parker
31.6%
2004Danny Kolb
31.6%
1974Darrell Porter
30.2%
1970Tommy Harper
29.9%
1977Jim Slaton
28.2%
1995Kevin Seitzer
27.4%
1972Ellie Rodriguez
27.2%
1994Ricky Bones
26.1%
2000Bob Wickman
26%
1984Jim Sundberg
22.3%
1973Dave May
17.1%
1976Bill Travers
11.4%
1973Jim Colborn
11.3%
1978Lary Sorensen
9.3%
1971Marty Pattin
8.1%

You're not logged in!

Compare scores with friends on all Sporcle quizzes.
Sign Up with Email
OR
Log In

You Might Also Like...

Show Comments

Extras

Top Quizzes Today


Score Distribution

Your Account Isn't Verified!

In order to create a playlist on Sporcle, you need to verify the email address you used during registration. Go to your Sporcle Settings to finish the process.